Movies Quiz

Random Movies or Actor Quiz

Movie Memes Quiz Stats

 Plays Quiz Updated Oct 1, 2014

Challenge
Share
Tweet
Score 0/20 Timer 10:00
0 Plays Today
% Correct
Titanic
95.1%
Lord of the Rings
94.6%
Twilight
92.4%
The Matrix
92.2%
Indiana Jones
91.3%
Cast Away
88.7%
The Wolf of Wall Street
88.5%
The Hunger Games
84.7%
Taken
83.4%
Scream
75.8%
% Correct
The Dark Knight Rises
74.6%
American Hustle
69.2%
World War Z
68.9%
The Princess Bride
68.4%
127 Hours
67.9%
Caddyshack
66.8%
10 Things I Hate About You
58%
G.I. Joe
47.2%
This Is The End
46.3%
The Descendants
26.5%

You're not logged in!

Compare scores with friends on all Sporcle quizzes.
OR
Log In

You Might Also Like...

Show Comments

Extras

Top Quizzes Today


Score Distribution

Your Account Isn't Verified!

In order to create a playlist on Sporcle, you need to verify the email address you used during registration. Go to your Sporcle Settings to finish the process.

Report this User

Report this user for behavior that violates our Community Guidelines.

Details: